Entry Nombre personal
001 - NÚMERO DE CONTROL
- campo de control: 158406
003 - IDENTIFICADOR DE NÚMERO DE CONTROL
- campo de control: OSt
005 - FECHA Y HORA DE LA ÚLTIMA TRANSACCIÓN
- campo de control: 20230222193146.0
008 - ELEMENTOS DE DATO DE LONGITUD-FIJA
- campo de control de longitud fija: 151223 b azzaaaaaa a aaa d
040 ## - FUENTE DE CATALOGACIÓN
- Centro catalogador/agencia de origen: OSt
- Centro/agencia transcriptor: OSt
100 0# - ENCABEZAMIENTO-NOMBRE DE PERSONA
- Nombre de persona: Simeón
- Numeración: II,
- Títulos y otros términos asociados al nombre: Rey de Bulgaria
400 1# - TRAZADO DE VÉASE--NOMBRE DE PERSONA
- Nombre de persona: Sajonia Coburgo Gotha, Simeón de (
- Fechas asociadas al nombre: -1937)
400 1# - TRAZADO DE VÉASE--NOMBRE DE PERSONA
- Nombre de persona: Sajonia-Coburgo Gotha, Simeón de
400 0# - TRAZADO DE VÉASE--NOMBRE DE PERSONA
- Nombre de persona: Simeón de Bulgaria (
- Fechas asociadas al nombre: -1937)
